000 00773nam a2200205 i 4500
001 180524
003 ES-MaACL
005 20250815112605.0
008 120612s1973 sp |||| | spa d
080 _a577.1(043.2)
100 1 _aEscarmis Homs, Cristina (
_d1943-)
_9150474
245 1 0 _aBiosíntesis úrica en presencia de colchicina y de alopurinol /
_cpor Cristina Escarmis Homs.
260 _aBarcelona :
_bUniversidad de Barcelona, Secretariado de Publicaciones, Intercambio Científico y Extensión Universitaria,
_c1973.
300 _a16 p. ;
_c24 cm.
502 _aTesis-Universidad Barcelona (Extracto)
650 0 7 _aBioquímica
_2embne
_9136796
710 2 _aUniversidad de Barcelona.
_97141
852 _aES-MaACL
_jE-15362(107)
999 _c180524
_d180524